<?xml version="1.0" encoding="UTF-8"?><?xml-stylesheet type="text/xsl" href="static/style.xsl"?><OAI-PMH xmlns="http://www.openarchives.org/OAI/2.0/" xmlns:xsi="http://www.w3.org/2001/XMLSchema-instance" xsi:schemaLocation="http://www.openarchives.org/OAI/2.0/ http://www.openarchives.org/OAI/2.0/OAI-PMH.xsd"><responseDate>2026-04-17T06:05:11Z</responseDate><request verb="GetRecord" identifier="oai:www.recercat.cat:2099.1/24658" metadataPrefix="marc">https://recercat.cat/oai/request</request><GetRecord><record><header><identifier>oai:recercat.cat:2099.1/24658</identifier><datestamp>2025-07-23T04:41:18Z</datestamp><setSpec>com_2072_1033</setSpec><setSpec>col_2072_452951</setSpec></header><metadata><record xmlns="http://www.loc.gov/MARC21/slim" xmlns:dcterms="http://purl.org/dc/terms/" xmlns:xsi="http://www.w3.org/2001/XMLSchema-instance" xmlns:doc="http://www.lyncode.com/xoai" xsi:schemaLocation="http://www.loc.gov/MARC21/slim http://www.loc.gov/standards/marcxml/schema/MARC21slim.xsd">
   <leader>00925njm 22002777a 4500</leader>
   <datafield ind2=" " ind1=" " tag="042">
      <subfield code="a">dc</subfield>
   </datafield>
   <datafield ind2=" " ind1=" " tag="720">
      <subfield code="a">Cerviño Yagües, Axel</subfield>
      <subfield code="e">author</subfield>
   </datafield>
   <datafield ind2=" " ind1=" " tag="260">
      <subfield code="c">2014-07</subfield>
   </datafield>
   <datafield ind2=" " ind1=" " tag="520">
      <subfield code="a">El present projecte té com a objectiu el estudi i aplicació de diferents instal·lacions en un&#xd;
poliesportiu, en aquest cas a Pallejà, Barcelona.&#xd;
En primer lloc, per dur a terme aquest treball, ha estat necessari l’estudi i investigació dels&#xd;
diferents tipus de instal·lacions que existeixen i quines són les apropiades per a aquesta&#xd;
edificació per tal de aconseguir el grau de comoditat desitjat pels usuaris.&#xd;
El treball es basa principalment en les tres parts més importants d’un projecte, la memòria&#xd;
descriptiva, els annexes de càlcul i la seva representació visual en els plànols. També hi&#xd;
consten el plec de condicions, un estudi bàsic de seguretat i salut, tots dos relacionats en les&#xd;
instal·lacions i per últim un pressupost bàsic.&#xd;
En la memoria descriptiva s’explica la forma en com s’ha de construir cada una de les&#xd;
instal·lacions, explicant els diferents elements que la composen i el perquè de la seva&#xd;
elecció. Pel que fa l’annex de càlcul, aquest consta dels respectius dimensionats de les&#xd;
diferents instal·lacions, seguint les directives i les normes que han de complir. Depenent de la&#xd;
instal·lació, aquests dimensionants s’han realitzat manualment o amb l’ajuda de suport&#xd;
informàtic amb programes destinats a aquesta finalitat.&#xd;
Els plànols, la representació visual de l’estudi de cada instal·lació, tenen per objectiu de&#xd;
mostrar com es desenvolupa cada una d’elles, per on discorren i quins materials s’empren.&#xd;
La memòria descriptiva es un ajut complementari als plànols per tal de poder compendrel’s i&#xd;
entendrel’s.&#xd;
Les instal·lacions de les quals consta el present projecte són les següents:&#xd;
- Fontaneria&#xd;
- Evacuació&#xd;
- Gas&#xd;
- Energia Solar&#xd;
- Climatització&#xd;
- Calefacció&#xd;
- Electricitat&#xd;
- Telecomunicacions&#xd;
- Prevenció contra incendis</subfield>
   </datafield>
   <datafield tag="653" ind2=" " ind1=" ">
      <subfield code="a">Àrees temàtiques de la UPC::Edificació::Instal·lacions i acondicionament d’edificis</subfield>
   </datafield>
   <datafield tag="653" ind2=" " ind1=" ">
      <subfield code="a">Sports facilities</subfield>
   </datafield>
   <datafield tag="653" ind2=" " ind1=" ">
      <subfield code="a">Pavellons esportius -- Instal·lacions -- Catalunya -- Pallejà</subfield>
   </datafield>
   <datafield tag="653" ind2=" " ind1=" ">
      <subfield code="a">Instal·lacions esportives -- Catalunya -- Pallejà</subfield>
   </datafield>
   <datafield tag="653" ind2=" " ind1=" ">
      <subfield code="a">Instal·lacions de climatització -- Catalunya -- Pallejà</subfield>
   </datafield>
   <datafield ind2="0" ind1="0" tag="245">
      <subfield code="a">Projecte de instal·lacions Poliesportiu de Pallejà</subfield>
   </datafield>
</record></metadata></record></GetRecord></OAI-PMH>